000 00485nam a2200181Ia 4500
008 100917s9999 xx 000 0 und d
082 _b52280
100 _aदेवल गोविंद बल्लाळ
245 _aसंशय कल्लोळ
260 _b---
_c---
300 _a100
365 _b2
520 _aनाटक
630 _aसंशय कल्लोळ
650 _aनाटक
730 _aसंशय कल्लोळ
942 _cBOOK
999 _c657674
_d657671